[Event "ODJM A 2025"]
[Site "Willingen GER"]
[Date "2025.06.10"]
[Round "4"]
[White "Beckmann, Jonathan"]
[Black "Groessing, Daniel-Yosuke"]
[Result "1-0"]
[Termination "normal"]
[Board "23"]
[WhiteElo "1904"]
[BlackElo "1974"]
[WhiteClock "00:03:32"]
[BlackClock "00:06:42"]
[PlyCount "69"]
[WhiteFideId "34672591"]
[BlackFideId "1682237"]
[EventCountry "GER"]
[EventRounds "9"]
[EventType "swiss"]
[EventDate "2025.06.07"]

1. d4 {[%clk 01:30:58]} Nf6 {[%clk 01:30:54]} {[%emt 00:00:09]} 2. c4 {[%clk
01:31:25]} {[%emt 00:00:04]} e6 {[%clk 01:31:18]} {[%emt 00:00:04]} 3. Nc3
{[%clk 01:31:51]} {[%emt 00:00:03]} Bb4 {[%clk 01:31:41]} {[%emt 00:00:07]} 4.
a3 {[%clk 01:32:17]} {[%emt 00:00:04]} Bxc3+ {[%clk 01:31:59]} {[%emt
00:00:12]} 5. bxc3 {[%clk 01:32:43]} {[%emt 00:00:04]} d5 {[%clk 01:30:40]}
{[%emt 00:01:49]} 6. e3 {[%clk 01:33:07]} {[%emt 00:00:07]} O-O {[%clk
01:30:43]} {[%emt 00:00:27]} 7. cxd5 {[%clk 01:33:32]} {[%emt 00:00:04]} exd5
{[%clk 01:30:39]} {[%emt 00:00:34]} 8. Bd3 {[%clk 01:33:53]} {[%emt 00:00:09]}
c5 {[%clk 01:29:44]} {[%emt 00:01:26]} 9. Ne2 {[%clk 01:34:11]} {[%emt
00:00:10]} c4 {[%clk 01:28:55]} {[%emt 00:01:21]} 10. Bb1 {[%clk 01:30:36]}
{[%emt 00:04:03]} Nc6 {[%clk 01:28:02]} {[%emt 00:01:24]} 11. O-O {[%clk
01:28:51]} {[%emt 00:02:13]} Re8 {[%clk 01:24:12]} {[%emt 00:04:22]} 12. f3
{[%clk 01:20:43]} {[%emt 00:08:38]} Bd7 {[%clk 01:08:56]} {[%emt 00:15:47]} 13.
Ra2 {[%clk 01:05:45]} {[%emt 00:15:28]} Qc8 {[%clk 01:05:32]} {[%emt 00:03:53]}
14. g4 {[%clk 00:56:40]} {[%emt 00:09:35]} h6 {[%clk 01:00:10]} {[%emt
00:05:50]} 15. Ng3 {[%clk 00:53:18]} {[%emt 00:03:53]} b5 {[%clk 00:54:34]}
{[%emt 00:06:07]} 16. Nf5 {[%clk 00:46:16]} {[%emt 00:07:31]} Qc7 {[%clk
00:52:36]} {[%emt 00:02:27]} 17. Rg2 {[%clk 00:40:22]} {[%emt 00:06:26]} a5
{[%clk 00:41:51]} {[%emt 00:11:16]} 18. g5 {[%clk 00:33:08]} {[%emt 00:07:43]}
hxg5 {[%clk 00:40:53]} {[%emt 00:01:28]} 19. Rxg5 {[%clk 00:33:18]} {[%emt
00:00:20]} Bxf5 {[%clk 00:36:18]} {[%emt 00:05:05]} 20. Rxf5 {[%clk 00:26:09]}
{[%emt 00:07:39]} Ra7 {[%clk 00:27:45]} {[%emt 00:09:03]} 21. e4 {[%clk
00:19:28]} {[%emt 00:07:11]} dxe4 {[%clk 00:25:47]} {[%emt 00:02:28]} 22. fxe4
{[%clk 00:19:47]} {[%emt 00:00:12]} Nxe4 {[%clk 00:25:22]} {[%emt 00:00:54]}
23. Qf3 {[%clk 00:19:37]} {[%emt 00:00:40]} Nd6 {[%clk 00:18:50]} {[%emt
00:07:02]} 24. Rc5 {[%clk 00:17:55]} {[%emt 00:02:11]} Rc8 {[%clk 00:17:51]}
{[%emt 00:01:30]} 25. Qh3 {[%clk 00:14:35]} {[%emt 00:03:49]} g6 {[%clk
00:15:37]} {[%emt 00:02:45]} 26. Rf6 {[%clk 00:08:35]} {[%emt 00:06:30]} Qd7
{[%clk 00:10:01]} {[%emt 00:06:07]} 27. Qg3 {[%clk 00:07:57]} {[%emt 00:01:08]}
Ne8 {[%clk 00:08:54]} {[%emt 00:01:37]} 28. Bxg6 {[%clk 00:05:47]} {[%emt
00:02:40]} fxg6 {[%clk 00:08:22]} {[%emt 00:01:02]} 29. Rxg6+ {[%clk 00:06:02]}
{[%emt 00:00:14]} Ng7 {[%clk 00:08:34]} {[%emt 00:00:19]} 30. Bh6 {[%clk
00:05:33]} {[%emt 00:00:58]} Rcc7 {[%clk 00:08:12]} {[%emt 00:00:52]} 31. Bxg7
{[%clk 00:03:38]} {[%emt 00:02:24]} Qxg7 {[%clk 00:08:30]} {[%emt 00:00:13]}
32. Kh1 {[%clk 00:03:29]} {[%emt 00:00:39]} Kh8 {[%clk 00:05:46]} {[%emt
00:03:14]} 33. Rxg7 {[%clk 00:03:11]} {[%emt 00:00:47]} Rxg7 {[%clk 00:06:16]}
34. Qh3+ {[%clk 00:03:22]} {[%emt 00:00:18]} Rh7 {[%clk 00:06:42]} {[%emt
00:00:06]} 35. Qc8+ {[%clk 00:03:32]} {[%emt 00:00:18]} 1-0

[Event "ODJM A 2025"]
[Site "Willingen GER"]
[Date "2025.06.10"]
[Round "4"]
[White "Ye, Philipp"]
[Black "Werner, Florin"]
[Result "0-1"]
[Termination "normal"]
[Board "24"]
[WhiteElo "1863"]
[BlackElo "1970"]
[WhiteClock "00:40:41"]
[BlackClock "00:03:36"]
[PlyCount "142"]
[WhiteFideId "34646787"]
[BlackFideId "16250230"]
[EventCountry "GER"]
[EventRounds "9"]
[EventType "swiss"]
[EventDate "2025.06.07"]

1. d4 {[%clk 01:30:51]} {[%emt 00:00:09]} d5 {[%clk 01:30:27]} {[%emt
00:01:02]} 2. Bf4 {[%clk 01:30:39]} {[%emt 00:00:42]} Nf6 {[%clk 01:30:27]}
{[%emt 00:00:29]} 3. e3 {[%clk 01:31:03]} {[%emt 00:00:07]} c5 {[%clk
01:30:37]} {[%emt 00:00:20]} 4. Nf3 {[%clk 01:31:27]} {[%emt 00:00:06]} Nc6
{[%clk 01:30:47]} {[%emt 00:00:20]} 5. Nbd2 {[%clk 01:31:49]} {[%emt 00:00:08]}
Bg4 {[%clk 01:30:03]} {[%emt 00:01:14]} 6. c3 {[%clk 01:31:51]} {[%emt
00:00:28]} e6 {[%clk 01:30:19]} {[%emt 00:00:14]} 7. Qb3 {[%clk 01:30:26]}
{[%emt 00:01:56]} Qb6 {[%clk 01:30:24]} {[%emt 00:00:25]} 8. Qxb6 {[%clk
01:29:16]} {[%emt 00:01:39]} axb6 {[%clk 01:30:51]} {[%emt 00:00:04]} 9. Bb5
{[%clk 01:29:37]} {[%emt 00:00:08]} Nd7 {[%clk 01:27:06]} {[%emt 00:04:16]} 10.
O-O {[%clk 01:22:16]} {[%emt 00:07:51]} Be7 {[%clk 01:26:27]} {[%emt 00:01:08]}
11. Ne5 {[%clk 01:21:34]} {[%emt 00:01:12]} Ndxe5 {[%clk 01:25:17]} {[%emt
00:01:41]} 12. Bxe5 {[%clk 01:21:56]} {[%emt 00:00:07]} O-O {[%clk 01:25:21]}
{[%emt 00:00:26]} 13. Bc7 {[%emt 00:02:01]} Na7 {[%clk 01:25:12]} {[%emt
00:00:36]} 14. a4 {[%clk 01:18:54]} {[%emt 00:02:05]} Nxb5 {[%clk 01:25:34]}
{[%emt 00:00:07]} 15. axb5 {[%clk 01:19:18]} {[%emt 00:00:06]} cxd4 {[%clk
01:25:39]} {[%emt 00:00:26]} 16. exd4 {[%clk 01:18:47]} {[%emt 00:01:00]} Be2
{[%clk 01:25:50]} {[%emt 00:00:19]} 17. Rfe1 {[%clk 01:18:28]} {[%emt
00:00:49]} Bxb5 {[%clk 01:25:41]} {[%emt 00:00:39]} 18. Bxb6 {[%clk 01:18:38]}
{[%emt 00:00:20]} Ra6 {[%clk 01:18:04]} {[%emt 00:08:07]} 19. Rxa6 {[%clk
01:15:27]} {[%emt 00:03:41]} bxa6 {[%clk 01:17:53]} {[%emt 00:00:42]} 20. g3
{[%clk 01:09:08]} {[%emt 00:06:48]} Rc8 {[%clk 01:14:28]} {[%emt 00:03:53]} 21.
Ba5 {[%clk 01:01:20]} {[%emt 00:08:20]} g5 {[%clk 01:08:58]} {[%emt 00:06:00]}
22. Nf3 {[%clk 01:00:28]} {[%emt 00:01:22]} Kg7 {[%clk 01:06:55]} {[%emt
00:02:33]} 23. h4 {[%clk 00:59:02]} {[%emt 00:01:55]} h6 {[%clk 01:04:50]}
{[%emt 00:02:35]} 24. hxg5 {[%clk 00:58:42]} {[%emt 00:00:51]} hxg5 {[%clk
01:03:41]} {[%emt 00:01:39]} 25. Kg2 {[%clk 00:58:53]} {[%emt 00:00:17]} Bc4
{[%clk 00:59:13]} {[%emt 00:04:59]} 26. Nd2 {[%clk 00:57:44]} {[%emt 00:01:40]}
Bd3 {[%clk 00:49:02]} {[%emt 00:10:41]} 27. Re3 {[%clk 00:52:33]} {[%emt
00:05:40]} Bb5 {[%clk 00:47:43]} {[%emt 00:01:49]} 28. g4 {[%clk 00:51:05]}
{[%emt 00:01:58]} Bd6 {[%clk 00:40:01]} {[%emt 00:08:12]} 29. Re1 {[%clk
00:47:44]} {[%emt 00:03:51]} Bd3 {[%clk 00:30:21]} {[%emt 00:10:10]} 30. Re3
{[%clk 00:45:06]} {[%emt 00:03:08]} Bc2 {[%clk 00:28:55]} {[%emt 00:01:56]} 31.
Nf1 {[%clk 00:41:10]} {[%emt 00:04:26]} Rb8 {[%clk 00:21:59]} {[%emt 00:07:26]}
32. b4 {[%clk 00:40:24]} {[%emt 00:01:15]} Bf4 {[%clk 00:19:03]} {[%emt
00:03:27]} 33. Rh3 {[%clk 00:39:51]} {[%emt 00:01:03]} Be4+ {[%clk 00:13:22]}
{[%emt 00:06:10]} 34. Kg1 {[%clk 00:37:06]} {[%emt 00:03:16]} f5 {[%clk
00:03:54]} {[%emt 00:09:58]} 35. gxf5 {[%clk 00:30:54]} {[%emt 00:06:42]} Bxf5
{[%clk 00:04:10]} {[%emt 00:00:14]} 36. Rf3 {[%clk 00:30:45]} {[%emt 00:00:38]}
Bg4 {[%clk 00:02:38]} {[%emt 00:02:03]} 37. Rd3 {[%clk 00:30:06]} {[%emt
00:01:09]} Be2 {[%clk 00:02:59]} {[%emt 00:00:09]} 38. Rh3 {[%clk 00:30:22]}
{[%emt 00:00:13]} g4 {[%clk 00:03:16]} {[%emt 00:00:13]} 39. Rh4 {[%clk
00:29:25]} {[%emt 00:01:27]} Bg5 {[%clk 00:03:13]} {[%emt 00:00:33]} 40. Rh2
{[%clk 00:29:26]} {[%emt 00:00:29]} Rc8 {[%clk 00:02:17]} {[%emt 00:01:27]} 41.
b5 {[%clk 00:28:09]} {[%emt 00:01:47]} axb5 {[%clk 00:01:57]} {[%emt 00:00:51]}
42. Ne3 {[%clk 00:25:46]} {[%emt 00:02:52]} Ra8 {[%clk 00:30:17]} {[%emt
00:02:10]} 43. Bc7 {[%clk 00:55:53]} {[%emt 00:00:23]} Bf3 {[%clk 00:29:06]}
{[%emt 00:01:41]} 44. Be5+ {[%clk 00:54:51]} {[%emt 00:01:32]} Kg6 {[%clk
00:29:23]} {[%emt 00:00:13]} 45. Rh8 {[%clk 00:54:54]} {[%emt 00:00:26]} Ra1+
{[%clk 00:29:03]} {[%emt 00:00:50]} 46. Kh2 {[%clk 00:55:18]} {[%emt 00:00:06]}
Rh1+ {[%clk 00:24:04]} {[%emt 00:05:30]} 47. Kg3 {[%clk 00:55:34]} {[%emt
00:00:14]} Rg1+ {[%clk 00:12:28]} {[%emt 00:12:06]} 48. Kh2 {[%clk 00:55:33]}
{[%emt 00:00:31]} Rc1 {[%clk 00:11:54]} {[%emt 00:01:04]} 49. Rg8+ {[%clk
00:53:00]} {[%emt 00:03:03]} Kh5 {[%clk 00:11:20]} {[%emt 00:01:04]} 50. Rh8+
{[%clk 00:50:40]} {[%emt 00:02:49]} Bh6 {[%clk 00:10:37]} {[%emt 00:01:13]} 51.
Ng2 {[%clk 00:50:38]} {[%emt 00:00:32]} Kg6 {[%clk 00:05:37]} {[%emt 00:05:31]}
52. Rxh6+ {[%clk 00:50:54]} {[%emt 00:00:14]} Kf5 {[%clk 00:05:19]} {[%emt
00:00:48]} 53. Nh4+ {[%clk 00:50:04]} {[%emt 00:01:20]} Ke4 {[%clk 00:04:50]}
{[%emt 00:01:00]} 54. Nxf3 {[%clk 00:50:23]} {[%emt 00:00:10]} gxf3 {[%clk
00:05:09]} {[%emt 00:00:10]} 55. Rh4+ {[%clk 00:49:07]} {[%emt 00:01:46]} Kd3
{[%clk 00:05:17]} {[%emt 00:00:23]} 56. Bd6 {[%clk 00:47:02]} {[%emt 00:02:34]}
Rxc3 {[%clk 00:04:33]} {[%emt 00:01:14]} 57. Kg3 {[%clk 00:46:03]} {[%emt
00:01:29]} Rc4 {[%clk 00:03:11]} {[%emt 00:01:52]} 58. Bc5 {[%clk 00:43:21]}
{[%emt 00:03:12]} b4 {[%clk 00:03:14]} {[%emt 00:00:27]} 59. Rh6 {[%clk
00:42:32]} {[%emt 00:01:19]} b3 {[%clk 00:01:45]} {[%emt 00:02:00]} 60. Rxe6
{[%clk 00:42:01]} {[%emt 00:01:00]} b2 {[%clk 00:01:03]} {[%emt 00:01:13]} 61.
Rb6 {[%clk 00:42:25]} {[%emt 00:00:06]} Kc2 {[%clk 00:01:26]} {[%emt 00:00:07]}
62. Kxf3 {[%clk 00:42:20]} {[%emt 00:00:35]} Rc3+ {[%clk 00:01:50]} {[%emt
00:00:06]} 63. Kf4 {[%clk 00:40:46]} {[%emt 00:02:04]} Rb3 {[%clk 00:02:15]}
{[%emt 00:00:05]} 64. Re6 {[%clk 00:41:06]} {[%emt 00:00:10]} b1=Q {[%clk
00:02:15]} {[%emt 00:00:30]} 65. Ke5 {[%clk 00:40:52]} {[%emt 00:00:44]} Kc3
{[%clk 00:01:44]} {[%emt 00:01:01]} 66. Kxd5 {[%clk 00:40:58]} {[%emt
00:00:24]} Qf5+ {[%clk 00:01:52]} {[%emt 00:00:20]} 67. Kd6 {[%clk 00:40:17]}
{[%emt 00:01:13]} Kc4 {[%clk 00:02:04]} {[%emt 00:00:17]} 68. Re7 {[%clk
00:39:53]} {[%emt 00:00:55]} Qd5+ {[%clk 00:02:23]} {[%emt 00:00:10]} 69. Kc7
{[%clk 00:40:03]} {[%emt 00:00:21]} Rb7+ {[%clk 00:02:43]} {[%emt 00:00:09]}
70. Kc8 {[%clk 00:40:25]} {[%emt 00:00:09]} Qc6+ {[%clk 00:03:08]} {[%emt
00:00:05]} 71. Rc7 {[%clk 00:40:41]} {[%emt 00:00:14]} Qxc7# {[%clk 00:03:36]}
{[%emt 00:00:02]} 0-1

[Event "ODJM A 2025"]
[Site "Willingen GER"]
[Date "2025.06.10"]
[Round "4"]
[White "Krause, Enrico"]
[Black "Matthes, Benjamin"]
[Result "1-0"]
[Termination "normal"]
[Board "25"]
[WhiteElo "1792"]
[BlackElo "1981"]
[WhiteClock "00:32:49"]
[BlackClock "00:24:00"]
[PlyCount "101"]
[WhiteFideId "34618490"]
[BlackFideId "16227298"]
[EventCountry "GER"]
[EventRounds "9"]
[EventType "swiss"]
[EventDate "2025.06.07"]

1. c4 {[%clk 01:30:57]} {[%emt 00:00:02]} e5 {[%clk 01:30:47]} {[%emt
00:00:13]} 2. Nc3 {[%clk 01:31:22]} {[%emt 00:00:05]} Bb4 {[%clk 01:31:13]}
{[%emt 00:00:04]} 3. Nd5 {[%clk 01:31:27]} {[%emt 00:00:25]} a5 {[%clk
01:31:38]} {[%emt 00:00:05]} 4. a3 {[%clk 01:30:17]} {[%emt 00:01:40]} Be7
{[%clk 01:31:59]} {[%emt 00:00:10]} 5. g3 {[%clk 01:26:44]} {[%emt 00:04:02]}
Nf6 {[%clk 01:29:32]} {[%emt 00:02:56]} 6. Bg2 {[%clk 01:25:42]} {[%emt
00:01:32]} d6 {[%clk 01:25:21]} {[%emt 00:04:43]} 7. e4 {[%clk 01:21:15]}
{[%emt 00:04:56]} Nbd7 {[%clk 01:16:03]} {[%emt 00:09:48]} 8. Ne2 {[%clk
01:18:54]} {[%emt 00:02:51]} c6 {[%clk 01:14:47]} {[%emt 00:01:46]} 9. Nxe7
{[%clk 01:15:38]} {[%emt 00:03:46]} Qxe7 {[%clk 01:14:30]} {[%emt 00:00:47]}
10. O-O {[%clk 01:15:29]} {[%emt 00:00:39]} O-O {[%clk 01:03:17]} {[%emt
00:11:43]} 11. Nc3 {[%clk 01:12:50]} {[%emt 00:03:09]} Re8 {[%clk 00:58:20]}
{[%emt 00:05:28]} 12. Rb1 {[%clk 01:04:10]} {[%emt 00:09:10]} Nf8 {[%clk
00:50:41]} {[%emt 00:08:09]} 13. d3 {[%clk 00:56:31]} {[%emt 00:08:08]} Bg4
{[%clk 00:42:09]} {[%emt 00:09:01]} 14. Qa4 {[%clk 00:49:29]} {[%emt 00:07:32]}
Ng6 {[%clk 00:30:20]} {[%emt 00:12:20]} 15. Be3 {[%clk 00:45:39]} {[%emt
00:04:19]} h5 {[%clk 00:20:47]} {[%emt 00:10:03]} 16. b4 {[%clk 00:37:13]}
{[%emt 00:08:56]} axb4 {[%clk 00:18:57]} {[%emt 00:02:19]} 17. Qxb4 {[%clk
00:37:37]} {[%emt 00:00:07]} h4 {[%clk 00:11:55]} {[%emt 00:07:32]} 18. h3
{[%clk 00:32:31]} {[%emt 00:05:37]} hxg3 {[%clk 00:12:05]} {[%emt 00:00:20]}
19. fxg3 {[%clk 00:27:07]} {[%emt 00:05:53]} Bc8 {[%clk 00:12:33]} {[%emt
00:00:02]} 20. Bg5 {[%clk 00:26:53]} {[%emt 00:00:44]} Qe6 {[%clk 00:01:13]}
{[%emt 00:11:51]} 21. Bxf6 {[%clk 00:19:01]} {[%emt 00:08:21]} gxf6 {[%clk
00:01:41]} {[%emt 00:00:02]} 22. Na4 {[%clk 00:19:16]} {[%emt 00:00:16]} Qe7
{[%clk 00:01:07]} {[%emt 00:01:04]} 23. Rf3 {[%clk 00:17:05]} {[%emt 00:02:41]}
Kg7 {[%clk 00:01:15]} {[%emt 00:00:22]} 24. Nb6 {[%clk 00:16:34]} {[%emt
00:01:01]} Ra6 {[%clk 00:00:57]} {[%emt 00:00:47]} 25. a4 {[%clk 00:15:48]}
{[%emt 00:01:16]} Be6 {[%clk 00:00:38]} {[%emt 00:00:49]} 26. a5 {[%clk
00:14:05]} {[%emt 00:02:13]} Qc7 {[%clk 00:00:34]} {[%emt 00:00:35]} 27. Rbf1
{[%clk 00:12:29]} {[%emt 00:02:05]} Ne7 {[%clk 00:00:38]} {[%emt 00:00:27]} 28.
Rxf6 {[%clk 00:10:44]} {[%emt 00:02:15]} Rh8 {[%clk 00:00:45]} {[%emt
00:00:23]} 29. Qd2 {[%clk 00:09:21]} {[%emt 00:01:53]} Qd8 {[%clk 00:00:32]}
{[%emt 00:00:43]} 30. c5 {[%clk 00:08:10]} {[%emt 00:01:40]} dxc5 {[%clk
00:00:32]} {[%emt 00:00:30]} 31. Qg5+ {[%clk 00:08:14]} {[%emt 00:00:26]} Ng6
{[%clk 00:00:39]} {[%emt 00:00:24]} 32. Rxg6+ {[%clk 00:08:29]} {[%emt
00:00:15]} fxg6 {[%clk 00:00:33]} {[%emt 00:00:35]} 33. Qxe5+ {[%clk 00:08:52]}
{[%emt 00:00:07]} Kh7 {[%clk 00:00:32]} {[%emt 00:00:31]} 34. Qxe6 {[%clk
00:09:11]} {[%emt 00:00:11]} Rf8 {[%clk 00:00:34]} {[%emt 00:00:29]} 35. Rf7+
{[%clk 00:05:48]} {[%emt 00:03:53]} Rxf7 {[%clk 00:00:34]} {[%emt 00:00:29]}
36. Qxf7+ {[%clk 00:06:13]} {[%emt 00:00:05]} Kh6 {[%clk 00:00:38]} {[%emt
00:00:26]} 37. Nd7 {[%clk 00:06:08]} {[%emt 00:00:35]} Ra8 {[%clk 00:00:33]}
{[%emt 00:00:35]} 38. Nf6 {[%clk 00:05:38]} {[%emt 00:01:00]} Qd4+ {[%clk
00:00:32]} {[%emt 00:00:32]} 39. Kh2 {[%clk 00:05:57]} {[%emt 00:00:09]} Rh8
{[%clk 00:00:32]} {[%emt 00:00:31]} 40. Ng8+ {[%clk 00:05:48]} {[%emt
00:00:39]} Rxg8 {[%clk 00:00:33]} {[%emt 00:00:30]} 41. Qxg8 {[%clk 00:06:11]}
{[%emt 00:00:06]} Qxd3 {[%clk 00:25:35]} {[%emt 00:05:28]} 42. Qh8+ {[%clk
00:35:36]} {[%emt 00:01:05]} Kg5 {[%clk 00:25:44]} {[%emt 00:00:21]} 43. h4+
{[%clk 00:35:58]} {[%emt 00:00:08]} Kg4 {[%clk 00:25:34]} {[%emt 00:00:40]} 44.
Qe5 {[%clk 00:36:14]} {[%emt 00:00:15]} Qe3 {[%clk 00:24:14]} {[%emt 00:01:49]}
45. Qe6+ {[%clk 00:34:16]} {[%emt 00:02:28]} Kh5 {[%clk 00:24:28]} {[%emt
00:00:15]} 46. Qf6 {[%clk 00:34:20]} {[%emt 00:00:27]} g5 {[%clk 00:23:21]}
{[%emt 00:01:38]} 47. Qxg5+ {[%clk 00:32:27]} {[%emt 00:02:22]} Qxg5 {[%clk
00:23:45]} {[%emt 00:00:06]} 48. hxg5 {[%clk 00:32:54]} {[%emt 00:00:04]} c4
{[%clk 00:23:30]} {[%emt 00:00:45]} 49. e5 {[%clk 00:32:32]} {[%emt 00:00:51]}
Kxg5 {[%clk 00:23:39]} {[%emt 00:00:22]} 50. Be4 {[%clk 00:32:44]} {[%emt
00:00:17]} c3 {[%clk 00:24:00]} {[%emt 00:00:09]} 51. Kg2 {[%clk 00:32:49]}
{[%emt 00:00:25]} 1-0

[Event "ODJM A 2025"]
[Site "Willingen GER"]
[Date "2025.06.10"]
[Round "4"]
[White "Astner, Sebastian"]
[Black "Andresen, Marc"]
[Result "1-0"]
[Termination "normal"]
[Board "26"]
[WhiteElo "1930"]
[BlackElo "1857"]
[WhiteClock "00:12:49"]
[BlackClock "00:11:11"]
[PlyCount "63"]
[WhiteFideId "12979422"]
[BlackFideId "16233719"]
[EventCountry "GER"]
[EventRounds "9"]
[EventType "swiss"]
[EventDate "2025.06.07"]

1. Nf3 {[%clk 01:30:53]} {[%emt 00:00:08]} d5 {[%clk 01:30:55]} {[%emt
00:00:04]} 2. g3 {[%clk 01:31:17]} {[%emt 00:00:07]} c5 {[%clk 01:31:20]}
{[%emt 00:00:05]} 3. Bg2 {[%clk 01:31:42]} {[%emt 00:00:03]} Nc6 {[%clk
01:31:46]} {[%emt 00:00:04]} 4. c4 {[%clk 01:30:19]} {[%emt 00:01:54]} e6
{[%clk 01:31:42]} {[%emt 00:00:34]} 5. cxd5 {[%clk 01:30:22]} {[%emt 00:00:27]}
exd5 {[%clk 01:32:04]} {[%emt 00:00:08]} 6. d4 {[%clk 01:30:36]} {[%emt
00:00:16]} Nf6 {[%clk 01:25:35]} {[%emt 00:06:59]} 7. O-O {[%clk 01:27:32]}
{[%emt 00:03:34]} h6 {[%clk 01:13:25]} {[%emt 00:12:40]} 8. Nc3 {[%clk
01:26:14]} {[%emt 00:01:49]} Be6 {[%clk 01:13:16]} {[%emt 00:00:37]} 9. e3
{[%clk 01:24:59]} {[%emt 00:01:45]} Be7 {[%clk 01:03:06]} {[%emt 00:10:40]} 10.
a3 {[%clk 01:20:12]} {[%emt 00:05:18]} a5 {[%clk 00:55:37]} {[%emt 00:08:00]}
11. b3 {[%clk 01:12:13]} {[%emt 00:08:28]} O-O {[%clk 00:53:19]} {[%emt
00:02:48]} 12. dxc5 {[%clk 01:09:48]} {[%emt 00:02:55]} Bxc5 {[%clk 00:52:09]}
{[%emt 00:01:40]} 13. Bb2 {[%clk 01:09:24]} {[%emt 00:00:54]} Ba7 {[%clk
00:46:01]} {[%emt 00:06:38]} 14. Nb5 {[%clk 01:04:36]} {[%emt 00:05:18]} Rc8
{[%clk 00:41:49]} {[%emt 00:04:41]} 15. Nxa7 {[%clk 01:00:58]} {[%emt
00:04:09]} Nxa7 {[%clk 00:42:14]} {[%emt 00:00:05]} 16. Nd4 {[%clk 01:01:21]}
{[%emt 00:00:07]} Bg4 {[%clk 00:33:28]} {[%emt 00:09:15]} 17. Qd3 {[%clk
00:57:31]} {[%emt 00:04:20]} Bh5 {[%clk 00:33:09]} {[%emt 00:00:49]} 18. f4
{[%clk 00:39:47]} {[%emt 00:18:14]} Re8 {[%clk 00:30:52]} {[%emt 00:02:47]} 19.
h3 {[%clk 00:37:43]} {[%emt 00:02:35]} Ne4 {[%clk 00:26:46]} {[%emt 00:04:36]}
20. g4 {[%clk 00:34:11]} {[%emt 00:04:02]} Bg6 {[%clk 00:27:00]} {[%emt
00:00:16]} 21. f5 {[%clk 00:34:37]} {[%emt 00:00:03]} Bh7 {[%clk 00:27:25]}
{[%emt 00:00:04]} 22. Ne2 {[%clk 00:34:47]} {[%emt 00:00:21]} Nc6 {[%clk
00:20:59]} {[%emt 00:06:56]} 23. Nf4 {[%clk 00:33:01]} {[%emt 00:02:17]} Ne5
{[%clk 00:18:54]} {[%emt 00:02:34]} 24. Qxd5 {[%clk 00:29:26]} {[%emt
00:04:05]} Qxd5 {[%clk 00:18:53]} {[%emt 00:00:32]} 25. Nxd5 {[%clk 00:29:55]}
{[%emt 00:00:01]} Nd2 {[%clk 00:18:55]} {[%emt 00:00:27]} 26. Rf2 {[%clk
00:21:00]} {[%emt 00:09:25]} Nxb3 {[%clk 00:18:16]} {[%emt 00:01:10]} 27. Rd1
{[%clk 00:19:30]} {[%emt 00:02:00]} Nc5 {[%clk 00:18:37]} {[%emt 00:00:09]} 28.
f6 {[%clk 00:19:26]} {[%emt 00:00:34]} Ned3 {[%clk 00:15:57]} {[%emt 00:03:10]}
29. Ne7+ {[%clk 00:12:08]} {[%emt 00:07:47]} Kf8 {[%clk 00:10:30]} {[%emt
00:05:57]} 30. Nxc8 {[%clk 00:11:56]} {[%emt 00:00:43]} Nxf2 {[%clk 00:10:54]}
{[%emt 00:00:05]} 31. fxg7+ {[%clk 00:12:21]} {[%emt 00:00:06]} Kg8 {[%clk
00:11:11]} {[%emt 00:00:12]} 32. Ne7+ {[%clk 00:12:49]} {[%emt 00:00:02]} 1-0